Statistics for NASCAR Drivers by Last Name

Click here to take the quiz!

General Stats

  • This quiz has been taken 2,358 times
  • The average score is 20 of 24

Answer Stats

First Last % Correct
DaleEarnhardt Jr.
99%
KevinHarvick
96%
MartinTruex Jr.
95%
MattKenseth
94%
TonyStewart
94%
JoeyLogano
94%
BradKeselowski
91%
KaseyKahne
88%
DennyHamlin
88%
DanicaPatrick
87%
GregBiffle
87%
ClintBowyer
87%
TerryLabonte
86%
JamieMcMurray
83%
AJAllmendinger
83%
BrianVickers
81%
ElliotSadler
80%
CaleYarborough
77%
Juan PabloMontoya
74%
RickyRudd
73%
SterlingMarlin
67%
DickTrickle
66%
DavidPearson
60%
JackIngram
31%

Score Distribution

Percentile by Number Answered

Percent of People with Each Score

Your Score History

You have not taken this quiz